| 000 | 00842nam a2200229 4500 | ||
|---|---|---|---|
| 001 | 106991 | ||
| 003 | ES-MaACL | ||
| 005 | 20231228170448.0 | ||
| 007 | t| | ||
| 008 | 061121s1960 sp r ||||1| spa d | ||
| 100 | 1 |
_aMoral y Pérez de Zayas, José María del, _d1917-2014 _982955 |
|
| 245 | 1 | 3 |
_aLa provincia y el gobierno civil : _b( el Movimiento y la configuración de la vida local) / _cJosé María del Moral. |
| 260 |
_aMadrid : _bEdiciones del Movimiento, _c1960. |
||
| 300 |
_a41 p. ; _c21 cm. |
||
| 490 | 1 | _aNuevo horizonte. Foro de ideas | |
| 650 | 4 |
_aAdministración provincial- _zEspaña. _9148419 |
|
| 650 | 4 |
_aGobernadores- _zEspaña. _9171852 |
|
| 710 | 2 |
_aEdiciones del Movimiento. _9171800 |
|
| 830 | 1 |
_aNuevo horizonte. Foro de ideas _9232874 |
|
| 852 |
_aES-MaACL _j2035-F-15 |
||
| 999 |
_c106991 _d106991 |
||